Simon S. Kuznets, Theodore W. Schultz, W. Arthur Lewis and Robert M. Solow : (Record no. 613508)

MARC details
000 -LEADER
fixed length control field 00562nam a2200193 a 4500
008 - FIXED-LENGTH DATA ELEMENTS--GENERAL INFORMATION
fixed length control field 260220s2010##################000#0#eng##
020 ## - INTERNATIONAL STANDARD BOOK NUMBER
ISBN 9781848443587
082 04 - DEWEY DECIMAL CLASSIFICATION NUMBER
Classification number 330
Item number VAN.9
100 1# - MAIN ENTRY--AUTHOR NAME
Personal name Kuznets, Simon,
245 10 - TITLE STATEMENT
Title Simon S. Kuznets, Theodore W. Schultz, W. Arthur Lewis and Robert M. Solow :
260 ## - PUBLICATION, DISTRIBUTION, ETC. (IMPRINT)
Name of publisher Edward Elgar Publishing,
Year of publication 2010.
300 ## - PHYSICAL DESCRIPTION
Number of Pages 472 pages
650 #0 - SUBJECT ADDED ENTRY--TOPICAL TERM
Topical Term Business & Economics.
942 ## - ADDED ENTRY ELEMENTS (KOHA)
Koha item type English Books

No items available.

Find us on the map